Statistics for Arteria carotis externa

Click here to take the quiz!

General Stats

  • This quiz has been taken 9 times
  • The average score is 21 of 33

Answer Stats

hints% Correct
rr.occipitales
100%
a.angularis
67%
r.anterior
67%
a.auricularis
67%
a.auricularis
67%
(бочна)auricularis posterior
67%
a.cricothyroideus
67%
(бочна)facialis
67%
(мускулна)infrahyoideus
67%
a.labialis inferior
67%
a.labialis superior
67%
a.laryngea superior
67%
(бочна)lingualis
67%
a.mastoideus
67%
(завршна)maxillaris
67%
(бочна)occipitalis
67%
a.occipitalis
67%
(бочна)pharyngea ascendens
67%
rr.pharyngei
67%
r.posterior
67%
(glandula)res
67%
(мускулна)sternocleidomastoideus
67%
(мускулна)sternocleidomastoideus
67%
a.sublingualis
67%
a.submentalis
67%
(мускулна)suprahyoideus
67%
(завршна)temporalis superficialis
67%
(бочна)thyroidea superior
67%
a.tympanica inferior
67%
a.dorsales linguae
33%
a.meningea posterior
33%
a.palatina ascendens
33%
a.profunda linguae
33%

Score Distribution

Percentile by Number Answered

Percent of People with Each Score

Your Score History

You have not taken this quiz